000 00498cam a2200205ua 4500
001 7497
005 20260515114223.0
008 141211n ii |||gr||||Z||||||ben
040 _cMAIN
041 _aben
082 _a891.444
100 _aBishi, P.,
_eAuthor.
245 1 _aRabindra-bichitra
_cBy Pramathnath Bishi
250 _a2nd.
260 _aKolkatta:
_bOrient,
_c1968.
300 _a240p.
653 _aEast Indo-European & Celtic literatures
653 _aBengali essays
942 _cBK
999 _c6615
_d6615